<?xml version="1.0" encoding="UTF-8"?>
<record
    xmlns:xsi="http://www.w3.org/2001/XMLSchema-instance"
    xsi:schemaLocation="http://www.loc.gov/MARC21/slim http://www.loc.gov/standards/marcxml/schema/MARC21slim.xsd"
    xmlns="http://www.loc.gov/MARC21/slim">

  <leader>00784nam a22001931a 4500</leader>
  <controlfield tag="001">19441</controlfield>
  <controlfield tag="003">OSt</controlfield>
  <controlfield tag="005">20260204212453.0</controlfield>
  <controlfield tag="008">190529s2006||||ck ||||||b||||||||||spa||</controlfield>
  <datafield tag="020" ind1=" " ind2=" ">
    <subfield code="a">958826913x</subfield>
  </datafield>
  <datafield tag="082" ind1=" " ind2=" ">
    <subfield code="a">797.3 ES74h</subfield>
  </datafield>
  <datafield tag="100" ind1=" " ind2=" ">
    <subfield code="a">Escobar Chavarriaga, Alejandro</subfield>
  </datafield>
  <datafield tag="245" ind1=" " ind2=" ">
    <subfield code="a">Hockey sub-acu&#xE1;tico/Alejandro Escobar Chavarriaga</subfield>
  </datafield>
  <datafield tag="264" ind1=" " ind2=" ">
    <subfield code="a">Armenia,Colombia:Editorial Kinesis</subfield>
  </datafield>
  <datafield tag="300" ind1=" " ind2=" ">
    <subfield code="a">219 P&#xE1;ginas</subfield>
  </datafield>
  <datafield tag="650" ind1=" " ind2=" ">
    <subfield code="a">Hockey subacu&#xE1;tico-t&#xE9;cnica 2.Hockey subacu&#xE1;tico-Ense&#xF1;anza 3.Hockey subacu&#xE1;tico-reglamento 4.Hockey subacu&#xE1;tico-historia</subfield>
  </datafield>
  <datafield tag="700" ind1=" " ind2=" ">
    <subfield code="a">Gil Rojas,Alirio Miguel II.Mu&#xF1;oz,Ang&#xE9;lica Mar&#xED;a III.Ochoa Ru&#xED;z,Carlos IV.Garc&#xED;a,Edison Jui&#xE1;n V.Mesa Vald&#xE9;s, Juan Carlos VI.Macias,Lina Mar&#xED;a VII.Alzate Cuervo, Vilma Aidee&#xCC;</subfield>
  </datafield>
  <datafield tag="942" ind1=" " ind2=" ">
    <subfield code="2">ddc</subfield>
    <subfield code="c">BK</subfield>
  </datafield>
  <datafield tag="999" ind1=" " ind2=" ">
    <subfield code="c">19441</subfield>
    <subfield code="d">19441</subfield>
  </datafield>
  <datafield tag="952" ind1=" " ind2=" ">
    <subfield code="0">0</subfield>
    <subfield code="1">0</subfield>
    <subfield code="2">ddc</subfield>
    <subfield code="4">0</subfield>
    <subfield code="7">0</subfield>
    <subfield code="b">BU</subfield>
    <subfield code="d">2019-09-09</subfield>
    <subfield code="l">0</subfield>
    <subfield code="o">797.3 ES74H</subfield>
    <subfield code="p">019136</subfield>
    <subfield code="r">2019-09-09 00:00:00</subfield>
    <subfield code="w">2019-09-09</subfield>
    <subfield code="y">BK</subfield>
  </datafield>
</record>
